| Поле | Инд. | ПП | Название | Значение |
|---|---|---|---|---|
| Тип записи | a | |||
| Библиографический уровень | b | |||
| 001 | Контрольный номер | UNIDUBNA950df95e9bf54390b13a92264c491dd3 | ||
| 005 | Дата корректировки | 20260327225901.6 | ||
| 008 | Кодируемые данные | 20170331 | ||
| 040 | b | Код языка каталог. | rus | |
| e | Правила каталог. | PSBO | ||
| 041 | 0_ | a | Код языка текста | rus |
| 084 | a | Индекс другой классификации/Индекс ББК | 63.3(2)62-3-7; 83.3(2=411.2)6 | |
| 100 | 1_ | a | Автор | Недошивин В. |
| q | Полное имя | Недошивин Вячеслав | ||
| 245 | 10 | a | Заглавие | Марина Цветаева: пепел ее тополей |
| b | Продолж. заглавия | Московские дома и деревья лучшего поэта ХХ века | ||
| 520 | 0_ | a | Аннотация | И по сей день спорят, что стало причиной самоубийства Марины Цветаевой. Страх перед Гитлером, семимильными шагами покорявшим нашу страну, отсутствие хоть какой-нибудь работы, попытка, как пишут, "вербовки" ее в "секретные сотрудники" НКВД, угроза ареста или просто презрение к ней, "белогвардейке", советских "письменников-классиков"... Но тот же Иосиф Бродский назвал, может, главную причину ее смерти. "Чем лучше поэт, - сказал про нее, - тем страшнее его одиночество". И всем авторитетом Нобелевского лауреата подтвердит: "Цветаева - первый поэт ХХ века. Конечно, Цветаева". Не потому ли всякая фраза ее - завещание. Особенно эта: "Я тоже дерево... А потом меня срубят и сожгут, и я буду - огонь"... Как фонари по Москве, помните, которые зажигала взглядом? |
| 600 | 14 | a | Персоналии | Волошин Максимилиан Александрович |
| a | Персоналии | Цветаева Марина Ивановна | ||
| a | Персоналии | Эфрон Сергей Яковлевич | ||
| 650 | 14 | a | Основная рубрика | внутреняя политика |
| a | Основная рубрика | история | ||
| a | Основная рубрика | история литературы | ||
| a | Основная рубрика | литературоведение | ||
| a | Основная рубрика | филологические науки | ||
| 653 | 0_ | a | Ключевые слова | XX век |
| a | Ключевые слова | культура | ||
| a | Ключевые слова | Москва | ||
| a | Ключевые слова | общественно-политическая жизнь | ||
| a | Ключевые слова | поэзия | ||
| a | Ключевые слова | поэтика | ||
| a | Ключевые слова | Россия | ||
| a | Ключевые слова | русская литература | ||
| a | Ключевые слова | семья | ||
| a | Ключевые слова | Серебряный век | ||
| a | Ключевые слова | советский период | ||
| a | Ключевые слова | СССР | ||
| a | Ключевые слова | творчество | ||
| a | Ключевые слова | эмиграция | ||
| 773 | 08 | t | Заглавие источника | Родина |
| d | Дата издания источника | 2026 | ||
| g | Прочая информация | № 3. - С. 76 - 83 : фот., ил. | ||
| w | Контрольный № источника | UNIDUBNA8e384adf22fc4923a3be5386c8a50a4e | ||
| 901 | t | Тип документа | b |